000 00935nam a22003017a 4500
001 BR7906517
003 BR-BrBNA
005 20230928090207.0
007 ta
008 230509b bl.||||| |||| 00| 0 por d
040 _aBR-BrBNA
_bpor
_cBiblioteca Nacional de Agricultura
041 _a(Por)
072 _aE70
_b0600
_b1300
_b/G514
090 _ 0600 BR7906517
110 1 _aCentrais de Abastecimento de Pernambuco S.A., Recife (Brasil)
_91370
245 1 _aIntensidade da oferta e variacao estacional dos principais produtos comercializados 1976 [Fruta; Hortalica; Consumo; Politica de abastecimento; Pernambuco; Brasil]
260 3 _aRecife, PE (Brasil):
_c1979.
300 _a37 p.
500 _a34 graphs
650 _aFRUTA
650 _aHORTALICA
650 _aCONSUMO
650 _aOFERTA
650 _aPOLITICA DE ABASTECIMENTO
650 _aPERNAMBUCO
909 _a202309
_bLucia
_c55
_dLucia Elande
942 _cBK
999 _c28036
_d28036